Europe: Most Populated Countries Map Quiz - Statistics

General Stats
  • This quiz has been taken 69 times
  • The average score is 9 of 10
Answers on the Map
Answers color-coded by a green-red scale on the quiz's map according to % correct below.
 
Answer Stats
Population Answer % Correct
69,251,628 France
100%
59,091,941 Italy
100%
70,199,480 United Kingdom
100%
83,901,388 Germany
98%
47,882,203 Spain
98%
38,023,524 Poland
97%
143,769,849 Russia
94%
39,344,903 Ukraine
92%
18,880,930 Romania
88%
18,559,110 Netherlands
78%
No matching quizzes found
Score Distribution
Percent of People with Each Score
Percentile by Number Answered
Your Score History
You have not taken this quiz